| 000 | 00393nam a2200157Ia 4500 | ||
|---|---|---|---|
| 008 | 230917s9999||||xx |||||||||||||| ||und|| | ||
| 040 |
_e65765 _aMAIN |
||
| 041 | _aEnglish | ||
| 082 | _a891.2109 R126N | ||
| 100 | _aRaghavan, V | ||
| 245 | 0 | _aNumber of rasas | |
| 250 | _a3rd ed. | ||
| 260 |
_aChennai _bAdyar Library and Research Centre _c1975 |
||
| 300 | _axxviii, 1975 p. | ||
| 942 | _cBK | ||
| 999 |
_c193107 _d193107 |
||